000 00152nam a22000857a 4500
082 _a823
100 _aUNKNOWN
245 _aDINOSAUR DETECTIVES
942 _cBK
999 _c8202
_d8202